| 000 | 00680nam a2200205 i 4500 | ||
|---|---|---|---|
| 001 | 40512 | ||
| 003 | ES-MaACL | ||
| 005 | 20230906160237.0 | ||
| 007 | t| | ||
| 008 | 030306s1973 ag ||||1| spa d | ||
| 100 | 1 |
_aCardoso, Fernando Henrique. _935199 |
|
| 245 | 1 | 0 |
_aEstado y sociedad en América Latina / _cFernando Henrique Cardoso ; [traducción de Estela dos Santos]. |
| 260 |
_aBuenos Aires : _bNueva Visión, _c[1973] |
||
| 300 |
_a247 p. ; _c20 cm. |
||
| 490 | 1 | _aCuadernos de investigación social | |
| 700 | 1 |
_aSantos, Estela dos. _9103471 |
|
| 830 | 0 |
_aCuadernos de investigación social _9184609 |
|
| 852 |
_aES-MaACL _jA-7625 _bR.96481 |
||
| 999 |
_c40512 _d40512 |
||